00551nam a22001817a 450000500170000001000140001702000260003103500130005703700130007008200100008310000240009324500690011726000440018627000420023030000250027250000500029765000220034720100804163914.0 aENG-98262 c895.00a9788180481376 aEN-81795 bDBAD/PUB a305.4 aShukla, Surinder K. aUnited Nations and empowerment of women /cby Surinder K Shukla aChandigarhbArun Publishing Housec2009 a49-51, Sector-17CbChandigarhe160017 axii,431p.c22cm (Hb) aIncludes bibliographical references and index aWomen Empowerment